L'ora Di Mefistofele

Wedi'i Gadw mewn:
Manylion Llyfryddiaeth
Prif Awdur: Carlo Villa
Fformat: Llyfr
Iaith:anh
Cyhoeddwyd: Libri Scheiwiller
Tagiau: Ychwanegu Tag
Dim Tagiau, Byddwch y cyntaf i dagio'r cofnod hwn!

MARC

LEADER 00000nam a2200000Ia 4500
001 R-352
003 CODICE-MESSINA
005 20260212102450.0
008 260211s9999 xx 000 0 und d
040 |c importazione_messina 
100 |a Carlo Villa  
245 0 |a L'ora Di Mefistofele 
260 |b Libri Scheiwiller 
942 |2 ddc  |c BK 
952 |0 0  |1 0  |2 ddc  |4 0  |6 SCAFFALE_2_000000000000000__POESIA  |7 0  |9 31174  |a ME  |b ME  |d 2026-02-11  |l 0  |o SCAFFALE 2 - POESIA  |p R-352  |r 2026-02-11 23:52:23  |w 2026-02-11  |x [REVISIONARE]  |y BK 
999 |c 26836  |d 26836